| 000 | 01793nam a2200337 a 4500 | ||
|---|---|---|---|
| 001 | |||
| 003 | DO-SdBNP | ||
| 005 | 20220117122341.0 | ||
| 008 | 100908s2011 dr g 000 0dspa d | ||
| 020 | _a9789945074345 | ||
| 040 |
_aDO-SdBNP _bspa _cBPMSU |
||
| 082 |
_a972.93053 _bL256y, 2011 _222 |
||
| 100 | 1 |
_aLandestoy, Carmita, _b1880-1988 |
|
| 245 | 1 | 0 |
_a¡Yo también acuso! : _bRafael Leonidas Trujillo tirano de la República Dominicana / _cCarmita Landestoy ; liminar José Rafael Lantigua ; introducción Bernardo Vega. |
| 250 | _a4a. ed. | ||
| 260 |
_aSanto Domingo : _b Archivo General de la Nación, _c2011. |
||
| 300 |
_a279 p. ; _c25 cm. |
||
| 490 | 0 |
_a Archivo General de la Nación, _v141 |
|
| 500 | _aIncluye datos biográficos del autor en la solapa de la cubierta | ||
| 500 | _aIncluye índice | ||
| 505 | 0 |
_gLiminar / _rJosé Rafael Lantigua -- _gIntroducción / _rBernardo Vega -- _tA manera de prólogo -- _tPor qué escribo este libro -- _tConsideraciones generales acerca de las dictaduras en América -- _tTiranía de Trujillo en la República Dominicana -- _tEl progreso material -- _tLos monopolios de Trujillo y sus familiares -- _t¿En qué leyes se apoya Trujillo para permanecer en el poder? _tLa filosofía de Trujillo. |
|
| 534 |
_aYo tambien acuso _cNew York : Azteca Pres, 1946. _nOriginales provistos por Bernardo Vega |
||
| 590 | _aInventariado, 2022/VM | ||
| 650 | 4 |
_aPersecuciones políticas _zRepública Dominicana _v |
|
| 651 | 4 |
_aRepública Dominicana _xHistoria _yEra de Trujillo,1930-1961 |
|
| 651 | 4 |
_aRepública Dominicana _xPolítica y Gobierno _yEra de Trujillo,1930-1961 |
|
| 700 | 1 |
_aLantigua, José Rafael, _b1949-, _epról. |
|
| 710 | 2 | _aArchivo General de la Nación (República Dominicana) | |
| 910 | _aVMateo V. | ||
| 942 |
_2ddc _cBK |
||
| 999 |
_c13951 _d13951 |
||